LEADER 01475nam a2200205 i 4500 001 000000208821 003 CaOOAMICUS 005 20230119142700.0 008 160823s1806 it u000 u ita u 040 $aSeMil$bita 245 10$aCollezione comprendente la Costituzione di Lione, gli statuti costituzionali, il Concordato, e li decreti ... riguardanti l'organizzazione del clero secolare, e regolare e le casa religiose, il sistema monetario, e l'amministrativo dei dipartimenti del Regno d'Italia pubblicata in relazione al decreto 9. aprile 1806 di S.A.I. Eugenio Napoleone di Francia. 260 $aIn Padova :$bPer li Fratelli Penada,$c[1806] 300 $a311, [1] p., [4] carte di tav. ripieg. ;$c8°. 500 $aLegato con 3L-II-78 FA. 700 0 $aPenada fratelli,$c.$0(OLS)http://semarc/name/8221 850 $aSeMil 852 $aSeMil$W1$xVenegono$y1$m3L II 79 FA$j159275$qLegato con 3L-II-78 FA$B159275$CSeMilBibl$Z2$F212952 $8I 996 $6245$aCollezione comprendente la Costituzione di Lione, gli statuti costituzionali, il Concordato, e li decreti ... riguardanti l'organizzazione del clero secolare, e regolare e le casa religiose, il sistema monetario, e l'amministrativo dei dipartimenti del Regno d'Italia pubblicata in relazione al decreto 9. aprile 1806 di S.A.I. Eugenio Napoleone di Francia$9(OLS)http://semarc/title/301884 996 $6260$aIn Padova :$bPer li Fratelli Penada$9(OLS)http://semarc/publisher/52312 LEADER 00554nam a2200169 i 4500 001 000000189547 003 CaOOAMICUS 005 20100512000000.0 008 100512s1974 it u000 u ita u 013 $a167821 040 $aSeMil$bita 245 10$a1875-1884. 300 $a254 p., [4] p. di tav. 773 0 $tScritti inediti di San Pio 10..$dNapoli : Laurenziana, 1971-1974.$gVol.2$w()23339 850 $aSeMil 852 $aSeMil$W1$xVenegono$y1$m3H II 242$j140178$B140178$CSeMilBibl$Z2$F151777 $81 996 $6245$a1875-1884$9(OLS)http://semarc/title/272897